BUBT Library Online Catalog

Criminology (Record no. 6473)

000 -LEADER
fixed length control field 00550nam a22002057a 4500
003 - CONTROL NUMBER IDENTIFIER
control field BUBTL
008 - FIXED-LENGTH DATA ELEMENTS--GENERAL INFORMATION
fixed length control field 210307b xxu||||| |||| 00| 0 eng d
020 ## - INTERNATIONAL STANDARD BOOK NUMBER
International Standard Book Number 81-7012-599-5
082 ## - DEWEY DECIMAL CLASSIFICATION NUMBER
Classification number 364 / Q11i / 2005
100 ## - MAIN ENTRY--PERSONAL NAME
Personal name Qadri, S. M. Afzal
9 (RLIN) 3999
245 ## - TITLE STATEMENT
Title Criminology
Remainder of title S. M. Afzal Qadri
250 ## - EDITION STATEMENT
Edition statement 5th
260 ## - PUBLICATION, DISTRIBUTION, ETC. (IMPRINT)
Place of publication, distribution, etc. New Delhi
Name of publisher, distributor, etc. Eastern Book Company
Date of publication, distribution, etc. c2005
300 ## - PHYSICAL DESCRIPTION
Extent [xxiv] , 624p . :
Other physical details 21cm.
500 ## - GENERAL NOTE
General note Includes Index
650 ## - SUBJECT ADDED ENTRY--TOPICAL TERM
Topical term or geographic name as entry element Law
9 (RLIN) 4000
856 ## - ELECTRONIC LOCATION AND ACCESS
Password 0
Logon 0
Link text Download
942 ## - ADDED ENTRY ELEMENTS (KOHA)
Source of classification or shelving scheme
Koha item type Books
Holdings
Withdrawn status Lost status Source of classification or shelving scheme Damaged status Not for loan Collection code Permanent location Current location Shelving location Date acquired Inventory number Total Checkouts Full call number Barcode Date last seen Copy number Price effective from Koha item type Source of acquisition
          Non-fiction Bangladesh University of Business and Technology Library Bangladesh University of Business and Technology Library Law Stacks 03/07/2021 18876   364/QAC BUBTL-200318876 03/07/2021 C-1 03/07/2021 Books  
        Not For Loan Non-fiction Bangladesh University of Business and Technology Library Bangladesh University of Business and Technology Library Law Stacks 10/27/2014 3633   364 / Q11i / 2005 BUBTL-20033633 09/22/2021 C-2 09/22/2021 Books Purchase
          Non-fiction Bangladesh University of Business and Technology Library Bangladesh University of Business and Technology Library Law Stacks 04/11/2007 3634   364 / Q11i / 2005 BUBTL-20033634 09/22/2021 C-3 09/22/2021 Books Purchase
          Non-fiction Bangladesh University of Business and Technology Library Bangladesh University of Business and Technology Library Law Stacks 04/11/2007 3635   364 / Q11i / 2005 BUBTL-20033635 09/22/2021 C-4 09/22/2021 Books Purchase

More Information About Library

Library Hours

  • Open: 9.00 am. to 9.00 pm.
  • Only Sunday: 9.00 am. to 6.00 pm.
  • Closed: Holiday

Contact to the University

Bangladesh University of Business and Technology Library

  • Mirpurl-2, 1216.
  • Phone:
  • Fax:
  • E-Mail: admin.library@bubt.edu.bd

Contact to the Library

Contact Person:

Md. Abdul Hakim Shah
Joint Librarian
PABX No:  113
Cell No: 01816332931
E-mail: official: admin.library@bubt.edu.bd
Personal: hakim.shah@bubt.edu.bd


BUBT Library

Copyright © 2021